शोध प्राविधि के आयाम / (Record no. 203206)
[ view plain ]
| 000 -LEADER | |
|---|---|
| fixed length control field | 00879nam a22001937a 4500 |
| 005 - DATE AND TIME OF LATEST TRANSACTION | |
| control field | 20240524104352.0 |
| 010 ## - LCCN (DPL NO) | |
| LC control number | HIN-127694 |
| 020 ## - INTERNATIONAL STANDARD BOOK NUMBER | |
| Terms of availability | 695.000 |
| International Standard Book Number | 9789393010247 |
| 035 ## - SYSTEM CONTROL NUMBER | |
| System control number | HN-100040 |
| 037 ## - SOURCE OF ACQUISITION | |
| Source of stock number/acquisition | DBAD |
| 082 ## - DEWEY DECIMAL CLASSIFICATION NUMBER | |
| Classification number | 001.42 |
| 245 ## - TITLE STATEMENT | |
| Title | शोध प्राविधि के आयाम / |
| Statement of responsibility, etc | मनमीत कौर एवं प्रेम प्रकाश द्वारा सम्पादित |
| 260 ## - PUBLICATION, DISTRIBUTION, ETC. (IMPRINT) | |
| Place of publication, distribution, etc | दिल्ली |
| Name of publisher, distributor, etc | सानिया पब्लिकेशन |
| Date of publication, distribution, etc | 2023 |
| 270 ## - ADDRESS | |
| Address | 323,गली नं. 15, कर्दम पूरी एक्सटेंशन |
| City | दिल्ली |
| Postal code | 110094 |
| 300 ## - PHYSICAL DESCRIPTION | |
| Extent | 224पृ. |
| Dimensions | 22सेमी (सजिल्द) |
| 700 ## - ADDED ENTRY--PERSONAL NAME | |
| Personal name | कौर, मनमीत |
| 9 (RLIN) | 61637 |
| 700 ## - ADDED ENTRY--PERSONAL NAME | |
| Personal name | प्रेम प्रकाश |
| 9 (RLIN) | 61638 |
| 942 ## - ADDED ENTRY ELEMENTS (KOHA) | |
| Source of classification or shelving scheme | Dewey Decimal Classification |
| Item type | Hindi Books |
| Classification part | 001.42 |
| Call number suffix | शोधप्र |
| Withdrawn status | Lost status | Not for loan | Collection code | Home library | Current library | Date acquired | Source of acquisition | Cost, normal purchase price | Full call number | Barcode | Copy number | Cost, replacement price | Koha item type |
|---|---|---|---|---|---|---|---|---|---|---|---|---|---|
| Non-fiction | Ashok Vihar | Ashok Vihar | 24/05/2024 | DBAD | 659.00 | 001.42 शोधप्र | HN-100040 | 1 | 659.00 | Hindi Books |
